Персоналии РК #2: ФИО деятелей 19 века - Statistics

General Stats
  • This quiz has been taken 7 times
    6 since last reset
  • The average score is 10 of 53
Answer Stats
Фамилия Имя, отчество % Correct
Чайковский Петр Ильич
100%
Лермонтов Михаил Юрьевич
100%
Пушкин Александр Сергеевич
100%
Толстой Лев Николаевич
83%
Тютчев Федор Иванович
83%
Достоевский Федор Михайлович
83%
Тургенев Иван Сергеевич
67%
Фет Афанасий Афанасьевич
50%
Крылов Иван Андреевич
50%
Шишкин Иван Иванович
33%
Глинка Михаил Иванович
33%
Мусоргский Модест Петрович
33%
Росси Карл Иванович
33%
Салтыков-Щедрин Михаил Евграфович
33%
Васнецов (старший) Виктор Михайлович
17%
Левитан Исаак Ильич
17%
Серов Валентин Александрович
17%
Кюи Цезарь Антонович
17%
Некрасов Николай Алексеевич
17%
Мартос Иван Петрович
17%
Опекушин Александр Михайлович
0%
Клодт Петр Карлович
0%
Крамской Иван Николаевич
0%
Поленов Василий Дмитриевич
0%
Поленова Елена Дмитриевна
0%
Васнецов (младший) Аполлинарий Михайлович
0%
Куинджи Архип Иванович
0%
Брюллов Карл Павлович
0%
Маковский (старший) Константин Егорович
0%
Маковский (младший) Владимир Егорович
0%
Саврасов Алексей Кондратьевич
0%
Мамонтов Савва Иванович
0%
Третьяков (старший) Павел Михайлович
0%
Третьяков (младший) Сергей Михайлович
0%
Репин Илья Ефимович
0%
Суриков Василий Иванович
0%
Архипов Абрам Ефимович
0%
Нестеров Михаил Васильевич
0%
Ге Николай Николаевич
0%
Коровин Константин Алексеевич
0%
Мясоедов Григорий Григорьевич
0%
Стасов Владимир Васильевич
0%
Балакирев Милий Алексеевич
0%
Римский-Корсаков Николай Андреевич
0%
Скрябин Александр Николаевич
0%
Тон Константин Андреевич
0%
Бове Осип Иванович
0%
Тропинин Василий Андреевич
0%
Венецианов Алексей Васильевич
0%
Кипренский Орест Адамович
0%
Тома де Томон Жан-Франсуа
0%
Монферанн Огюст
0%
Воронихин Андрей Никифорович
0%
Рубинштейн (младший) Николай Григорьевич
0%
Антокольский Марк Матвеевич
0%
No matching quizzes found
Score Distribution
Percent of People with Each Score
Percentile by Number Answered
Your Score History
You have not taken this quiz since the last reset